000 00564nam a22001697a 4500
999 _c11712
_d11712
008 201230b ||||| |||| 00| 0 eng d
020 _a9780256173543
082 _a658.4038011
_bOBR
100 _a OBrien, J. A.
245 _a Management information systems : managing information technology in the networked enterprise
260 _aAmerica
_bTimes Mirror Higher Education Group
_c1996
300 _axxxi, 623p.
_bHB
650 _aManagement information systems
650 _aInformation technology--Management
650 _aElectronic commerce
942 _cBK